Classical Hindu mythology : (Record no. 19548)

MARC details
000 -LEADER
fixed length control field 01005cam a2200289 i 4500
001 - CONTROL NUMBER
control field 4141512
003 - CONTROL NUMBER IDENTIFIER
control field BDDh-ASL
005 - DATE AND TIME OF LATEST TRANSACTION
control field 20231015025804.0
008 - FIXED-LENGTH DATA ELEMENTS--GENERAL INFORMATION
fixed length control field 780321s1978 pau b 001 0 eng
010 ## - LIBRARY OF CONGRESS CONTROL NUMBER
LC control number 77092643
020 ## - INTERNATIONAL STANDARD BOOK NUMBER
International Standard Book Number 0877221170 :
Terms of availability $17.50.
International Standard Book Number 0877221227
Terms of availability $9.95
040 ## - CATALOGING SOURCE
Original cataloging agency DLC
Transcribing agency DLC
Modifying agency BDDh-ASL
041 1# - LANGUAGE CODE
Language code of text/sound track or separate title engsan
050 00 - LIBRARY OF CONGRESS CALL NUMBER
Classification number BL1135
Item number .P6213
082 00 - DEWEY DECIMAL CLASSIFICATION NUMBER
Classification number 294.5925
Item number CLA
130 0# - MAIN ENTRY--UNIFORM TITLE
Uniform title Puranas.
Form subheading Selections.
Language of a work English.
245 10 - TITLE STATEMENT
Title Classical Hindu mythology :
Remainder of title a reader in the Sanskrit Purāṇas /
Statement of responsibility, etc. edited and translated by Cornelia Dimmitt and J. A. B. van Buitenen.
260 ## - PUBLICATION, DISTRIBUTION, ETC.
Place of publication, distribution, etc. Philadelphia :
Name of publisher, distributor, etc. Temple University Press,
Date of publication, distribution, etc. c1978.
300 ## - PHYSICAL DESCRIPTION
Extent xiii, 373 p. ;
Dimensions 23 cm.
500 ## - GENERAL NOTE
General note Includes index.
504 ## - BIBLIOGRAPHY, ETC. NOTE
Bibliography, etc. note Bibliography: p. 365.
650 #0 - SUBJECT ADDED ENTRY--TOPICAL TERM
9 (RLIN) 2357
Topical term or geographic name entry element Mythology
General subdivision Hindu
700 1# - ADDED ENTRY--PERSONAL NAME
Personal name Dimmitt, Cornelia,
Dates associated with a name 1938-
700 1# - ADDED ENTRY--PERSONAL NAME
Personal name Buitenen, J. A. B. van
Fuller form of name (Johannes Adrianus Bernardus),
Dates associated with a name 1928-1979.
906 ## - LOCAL DATA ELEMENT F, LDF (RLIN)
a 7
b cbc
c orignew
d 1
e opcn
f 19
g y-gencatlg
942 ## - ADDED ENTRY ELEMENTS (KOHA)
Source of classification or shelving scheme Dewey Decimal Classification
Koha item type Books
Holdings
Withdrawn status Lost status Source of classification or shelving scheme Damaged status Not for loan Collection code Home library Current library Shelving location Date acquired Source of acquisition Total Checkouts Full call number Barcode Date last seen Copy number Price effective from Koha item type Public note
    Dewey Decimal Classification   Not For Loan Non-fiction Asiatic Society Library Asiatic Society Library Ludden Collection 12/13/2020 Donated by Prof. David Ludden   294.5925 CLA 102894 12/13/2020 C-1 12/13/2020 Books RARE

Powered by Koha